Kuroko no Basket Quiz - Statistics

General Stats
  • This quiz has been taken 433 times
  • The average score is 5 of 15
Answer Stats
Hint Answer % Correct
Phantom Six Man Kuroko Tetsuya
83%
Ace player of Touou Aomine Daiki
71%
Copy Cat Kise Ryouta
61%
Best shooter of the GoM Midorima Shintarou
44%
Iron Heart Kiyoshi Teppei
42%
Mentor of Taiga Alexandra Garcia
39%
Captain of Rakuzan Akashi Seijurou
33%
Center of GoM Atsushi Murasakibara
26%
Eagle Eye Shun Izuki
25%
Shield of Aegis Yosen
25%
Move Thief Haizaki Shougo
24%
Bad boy Hanamiya Makoto
21%
Hawk Eye Kazunari Takao
20%
Blue Elites Kaijou
17%
Always chew a gum Kazuya Hara
6%
No matching quizzes found
Score Distribution
Percent of People with Each Score
Percentile by Number Answered
Your Score History
You have not taken this quiz